| 000 | 00427nab a2200145Ia 4500 | ||
|---|---|---|---|
| 003 | ES-SlBCS | ||
| 005 | 20210601130601.0 | ||
| 008 | 140529s1965 xxu||||| |||| 00| 0 fre d | ||
| 041 | _afre | ||
| 100 | 1 |
_aChanteur, Janine _9175060 |
|
| 245 | 0 | 0 |
_aLes entretiens de Jérusalem. 3-10 avril 1965 _c Janine Chanteur |
| 651 | 4 |
_aJerusalén _992390 |
|
| 773 | 0 |
_tLes Etudes Philosophiques _g1965, págs. 513-518 _wRev1449 |
|
| 942 | _cAR | ||
| 999 |
_c549070 _d549070 |
||